[Event "Bodenmais Arber Seniors op 10th"]
[Site "Bodenmais"]
[Date "2023.08.12"]
[Round "8"]
[White "Hein, Ralf"]
[Black "Kirschner, Torsten"]
[Result "1-0"]
[WhiteElo "2020"]
[BlackElo "1842"]
[PlyCount "48"]
[EventDate "2023.08.05"]
[EventType "swiss"]
[EventRounds "9"]
[EventCountry "GER"]
[SourceTitle "EXT 2024"]
[Source "ChessBase"]
[SourceDate "2023.10.10"]
[SourceVersion "1"]
[SourceVersionDate "2023.10.10"]
[SourceQuality "1"]

1. c4 Nf6 2. Nc3 g6 3. e4 d6 4. g3 Bg7 5. Bg2 0-0 6. Nge2 a5 7. 0-0 Na6 8. d4 c5 9. d5 Bd7 10. h3 Nc7 11. a4 e6 12. Be3 exd5 13. exd5 h6 14. Qd2 Kh7 15. Bf4 Bc8 16. g4 Re8 17. Rae1 b6 18. Bh2 Ba6 19. b3 Qd7 20. Ng3 Rxe1 21. Rxe1 Re8 22. Nge4 Nxg4 23. hxg4 Qxg4 24. Bxd6 Qd7 1-0

[Event "DSOL 04 Liga Gr-D 1st"]
[Site "Playchess.com INT"]
[Date "2020.08.06"]
[Round "7.3"]
[White "Kirschner, Torsten"]
[Black "Lunz, Dieter"]
[Result "0-1"]
[WhiteElo "1773"]
[BlackElo "1805"]
[PlyCount "114"]
[EventDate "2020.06.22"]
[EventType "team-tourn (rapid)"]
[EventCountry "GER"]
[SourceTitle "EXT 2021"]
[Source "ChessBase"]
[SourceDate "2020.10.23"]
[SourceVersion "1"]
[SourceVersionDate "2020.10.23"]
[SourceQuality "1"]
[WhiteTeam "Eutin"]
[BlackTeam "Heilsbronn"]
[WhiteTeamCountry "GER"]
[BlackTeamCountry "GER"]

1. d4 c5 2. Nf3 Nf6 3. g3 e6 4. Bg2 cxd4 5. Qxd4 Nc6 6. Qd1 d5 7. Bf4 Qb6 8. Qc1 Ng4 9. 0-0 e5 10. Bd2 e4 11. Ng5 Bc5 12. e3 h6 13. Nh3 h5 14. Nc3 Ne7 15. Nf4 Be6 16. Na4 Qc6 17. Nxc5 Qxc5 18. Bc3 Rh7 19. Bd4 Qc6 20. h3 Nf6 21. b3 Rc8 22. Qa3 a6 23. Rac1 Nf5 24. Be5 Nd7 25. Bb2 g5 26. Nxe6 fxe6 27. c4 Qb6 28. cxd5 Rxc1 29. Rxc1 exd5 30. g4 hxg4 31. hxg4 Nxe3 32. Rc8+ Kf7 33. fxe3 Qxe3+ 34. Kf1 Qd3+ 35. Kg1 e3 36. b4 Qd1+ 37. Bf1 Qxg4+ 38. Bg2 Qd1+ 39. Bf1 Rh1+ 40. Kxh1 Qxf1+ 41. Kh2 Qf2+ 42. Kh3 e2 43. Rc1 Qf1+ 44. Rxf1+ exf1Q+ 45. Kh2 g4 46. Qc3 Qf4+ 47. Kg1 g3 48. Qg7+ Ke6 49. Qg8+ Kd6 50. Qg6+ Kc7 51. Qc2+ Kb6 52. Qg2 Qe3+ 53. Kh1 d4 54. Bxd4+ Qxd4 55. Qxg3 Ne5 56. a3 Qe4+ 57. Kg1 Qg4 0-1

[Event "DSOL 04 Liga Gr-D 1st"]
[Site "Playchess.com INT"]
[Date "2020.07.31"]
[Round "6.3"]
[White "Farokhi, Darian"]
[Black "Kirschner, Torsten"]
[Result "1-0"]
[WhiteElo "1463"]
[BlackElo "1773"]
[PlyCount "81"]
[EventDate "2020.06.22"]
[EventType "team-tourn (rapid)"]
[EventCountry "GER"]
[SourceTitle "EXT 2021"]
[Source "ChessBase"]
[SourceDate "2020.10.23"]
[SourceVersion "1"]
[SourceVersionDate "2020.10.23"]
[SourceQuality "1"]
[WhiteTeam "Kiel Doppelbauer"]
[BlackTeam "Eutin"]
[WhiteTeamCountry "GER"]
[BlackTeamCountry "GER"]

1. e4 c5 2. Nf3 e6 3. d4 cxd4 4. Nxd4 Nc6 5. Nc3 Qc7 6. Be3 Bb4 7. Qd2 Nf6 8. f3 a6 9. a3 Qa5 10. Nb3 Bxc3 11. bxc3 Qh5 12. Bd3 0-0 13. 0-0 d5 14. exd5 Nxd5 15. Bf2 Rd8 16. Nd4 Bd7 17. Rad1 Rac8 18. Nxc6 Bxc6 19. Rfe1 Rd7 20. Bd4 Ne7 21. Re5 Qh4 22. Rg5 Ng6 23. Rg4 Qe7 24. h4 e5 25. Be3 f5 26. Rg5 e4 27. Bc4+ Kh8 28. Qc1 Nxh4 29. Rh5 exf3 30. Rxd7 Bxd7 31. Ba2 Nxg2 32. Bd4 Be6 33. Qh6 Bg8 34. Bxg8 Kxg8 35. Qxh7+ Kf7 36. Qxf5+ Kg8 37. Qxc8+ Kf7 38. Qf5+ Kg8 39. Qd5+ Qf7 40. Qd8+ Qf8 41. Rh8+ 1-0

[Event "Arber Seniors op 6th"]
[Site "Bayerisch Eisenstein"]
[Date "2018.07.28"]
[Round "1"]
[White "Kirschner, Torsten"]
[Black "Taube, Hubertus"]
[Result "0-1"]
[WhiteElo "1697"]
[BlackElo "2050"]
[PlyCount "100"]
[EventDate "2018.07.28"]
[EventType "swiss"]
[EventRounds "9"]
[EventCountry "GER"]
[SourceTitle "CBM 185 Extra"]
[Source "ChessBase"]
[SourceDate "2018.07.29"]
[SourceVersion "1"]
[SourceVersionDate "2018.07.29"]
[SourceQuality "1"]

1. d4 f5 2. c4 Nf6 3. Nc3 b6 4. g3 Bb7 5. d5 a5 6. Bg2 e6 7. Nh3 Bb4 8. Nf4 Bxc3+ 9. bxc3 e5 10. Nh3 d6 11. Ng5 Bc8 12. f3 h6 13. Nh3 0-0 14. 0-0 Qe8 15. Qc2 Qh5 16. Nf2 Nbd7 17. e4 fxe4 18. f4 exf4 19. Bxf4 Ne5 20. Bxe5 Qxe5 21. Nxe4 Bf5 22. Rae1 Nxe4 23. Bxe4 Bh3 24. Bg2 Rxf1+ 25. Rxf1 Bxg2 26. Kxg2 Re8 27. Rf5 Qe4+ 28. Qxe4 Rxe4 29. Rf4 Rxf4 30. gxf4 Kf7 31. Kf3 Kf6 32. Ke4 a4 33. a3 Kg6 34. h3 Kf6 35. Kf3 Kf5 36. Ke3 g5 37. fxg5 Kxg5 38. Kf3 Kf5 39. Ke3 Ke5 40. Kf3 b5 41. Kg4 bxc4 42. h4 Kxd5 43. Kh5 Ke4 44. Kxh6 d5 45. Kg6 d4 46. h5 d3 47. h6 d2 48. h7 d1Q 49. h8Q Qg4+ 50. Kf7 Qf5+ 0-1

[Event "GER Seniors Derby 16th"]
[Site "Wesel Undeloh"]
[Date "2017.03.19"]
[Round "7"]
[White "Kirschner, Torsten"]
[Black "Bremenkamp, Holger"]
[Result "0-1"]
[WhiteElo "1698"]
[BlackElo "1746"]
[PlyCount "74"]
[EventDate "2017.03.16"]
[EventType "swiss"]
[EventRounds "7"]
[EventCountry "GER"]
[SourceTitle "EXT 2019"]
[Source "ChessBase"]
[SourceDate "2018.10.10"]
[SourceVersion "1"]
[SourceVersionDate "2018.10.10"]
[SourceQuality "1"]

1. d4 d5 2. Nf3 Nf6 3. c4 c6 4. Nc3 e6 5. g3 Be7 6. Bg2 0-0 7. 0-0 Re8 8. Re1 Nbd7 9. cxd5 exd5 10. Bf4 Bf8 11. Qc2 Ne4 12. Nd2 f5 13. f3 Nxd2 14. Bxd2 Nf6 15. Rad1 Bd6 16. e4 dxe4 17. fxe4 fxe4 18. Nxe4 Bg4 19. Nxd6 Qxd6 20. Qc4+ Be6 21. Qa4 Nd5 22. Re4 Nb6 23. Bf4 Qxf4 24. Qxc6 Qf7 25. Qb5 Bxa2 26. Rf1 Bc4 27. Rxf7 Bxb5 28. Rxb7 Rxe4 29. Bxe4 Re8 30. Bf3 Re1+ 31. Kf2 Ra1 32. Ke3 Nc4+ 33. Kf4 a6 34. Bd5+ Kf8 35. Rf7+ Ke8 36. Rxg7 Rf1+ 37. Ke4 Nxb2 0-1

[Event "GER Seniors Derby 16th"]
[Site "Wesel Undeloh"]
[Date "2017.03.16"]
[Round "1"]
[White "Kirschner, Torsten"]
[Black "Piepenburg, Rolf"]
[Result "0-1"]
[WhiteElo "1698"]
[BlackElo "1998"]
[PlyCount "56"]
[EventDate "2017.03.16"]
[EventType "swiss"]
[EventRounds "7"]
[EventCountry "GER"]
[SourceTitle "EXT 2019"]
[Source "ChessBase"]
[SourceDate "2018.10.10"]
[SourceVersion "1"]
[SourceVersionDate "2018.10.10"]
[SourceQuality "1"]

1. d4 d5 2. c4 e6 3. Nf3 Nf6 4. g3 Be7 5. Bg2 0-0 6. 0-0 c6 7. Nc3 b6 8. Qc2 Bb7 9. Bf4 dxc4 10. Ne5 Qxd4 11. Rad1 Qc5 12. Na4 Qb4 13. Nxc4 b5 14. Nd6 bxa4 15. a3 Qb6 16. Be3 Qa6 17. Nxb7 Qxb7 18. Qxa4 Qxb2 19. Rd2 Qxa3 20. Qc4 a5 21. Rb1 Nd5 22. Bd4 Qd6 23. e4 Nb4 24. Be3 Qc7 25. Bf4 e5 26. Be3 Nd7 27. f4 Rad8 28. Rf2 Qb7 0-1

[Event "GER Seniors Derby 16th"]
[Site "Wesel Undeloh"]
[Date "2017.03.16"]
[Round "2"]
[White "Sommer, Stefan1111"]
[Black "Kirschner, Torsten"]
[Result "1-0"]
[WhiteElo "1531"]
[BlackElo "1698"]
[PlyCount "57"]
[EventDate "2017.03.16"]
[EventType "swiss"]
[EventRounds "7"]
[EventCountry "GER"]
[SourceTitle "EXT 2019"]
[Source "ChessBase"]
[SourceDate "2018.10.10"]
[SourceVersion "1"]
[SourceVersionDate "2018.10.10"]
[SourceQuality "1"]

1. Nf3 Nf6 2. g3 g6 3. Bg2 Bg7 4. d3 0-0 5. 0-0 d6 6. c4 c6 7. Nc3 a5 8. Bd2 Qc7 9. Na4 e5 10. Nc3 Na6 11. a3 Nc5 12. Qc2 Nh5 13. b4 axb4 14. axb4 Rxa1 15. Rxa1 Ne6 16. Ra7 f5 17. Qa2 f4 18. Ne4 h6 19. c5 dxc5 20. Nxc5 Qf7 21. Ne4 Rd8 22. Ra8 Kh7 23. Rxc8 Rxc8 24. Nd6 Qd7 25. Nxc8 Qxc8 26. Bh3 fxg3 27. hxg3 Qc7 28. Qxe6 Qb6 29. Nxe5 1-0

[Event "Rostock SSC op 14th"]
[Site "Rostock"]
[Date "2015.08.01"]
[Round "6.23"]
[White "Wagner, Ingolf"]
[Black "Kirschner, Torsten"]
[Result "0-1"]
[WhiteElo "1641"]
[BlackElo "1698"]
[PlyCount "64"]
[EventDate "2015.07.29"]
[EventType "swiss"]
[EventRounds "7"]
[EventCountry "GER"]
[SourceTitle "EXT 2019"]
[Source "ChessBase"]
[SourceDate "2018.10.10"]
[SourceVersion "1"]
[SourceVersionDate "2018.10.10"]
[SourceQuality "1"]

1. d4 Nf6 2. Nf3 g6 3. c4 Bg7 4. Nc3 0-0 5. e4 d6 6. Be2 e5 7. d5 c6 8. Bg5 Qc7 9. h3 a5 10. Qc2 Na6 11. a3 Ne8 12. g4 Nc5 13. Nh4 h6 14. Be3 Qe7 15. Ng2 f5 16. Bxc5 dxc5 17. dxc6 bxc6 18. 0-0 fxg4 19. hxg4 Nc7 20. Qd3 Ne6 21. Qg3 Nd4 22. Rad1 Be6 23. Qe3 Rf7 24. f4 exf4 25. Nxf4 Qg5 26. Qg3 Nxe2+ 27. Ncxe2 Qxg4 28. Rd6 Qxg3+ 29. Nxg3 Bxc4 30. Nxg6 Bxf1 31. Nxf1 Bd4+ 32. Kg2 Rf2+ 0-1